书目信息 |
| 题名: |
法语基本词汇
|
|
| 作者: | 王吉会 主编 | |
| 分册: | ||
| 出版信息: | 北京 北京语言大学出版社 2004 |
|
| 页数: | 12,443页 | |
| 开本: | 18cm | |
| 丛书名: | ||
| 单 册: | ||
| 中图分类: | H323.1 | |
| 科图分类: | ||
| 主题词: | 法语--词汇--水平考试--自学参考资料 , 法语 , 词汇 | |
| 电子资源: | ||
| ISBN: | 7-5619-1310-9 | |
| 000 | 00819nam0 2200253 45 | |
| 001 | 1132103312 | |
| 005 | 20110315111216.57 | |
| 010 | @a7-5619-1310-9@dCNY26.00 | |
| 100 | @a20110123e20052004em y0chiy50 ea | |
| 101 | 0 | @achi@afre |
| 102 | @aCN@b110000 | |
| 105 | @ay z 000yy | |
| 106 | @ar | |
| 200 | 1 | @a法语基本词汇@AFa Yu Ji Ben Ci Hui@f王吉会主编@FWang Ji Hui Zhu Bian |
| 210 | @a北京@c北京语言大学出版社@d2004@h2005 | |
| 215 | @a12,443页@d18cm | |
| 330 | @a本书收录的4400多条词目涵盖了法语等级考试四级的全部词汇,每条词目下面都包含有音标、词性、中文释义、搭配用法以及常用例句。 | |
| 606 | 0 | @a法语@x词汇@x水平考试@j自学参考资料 |
| 606 | 0 | @a法语 |
| 606 | 0 | @a词汇 |
| 690 | @aH323.1@v4 | |
| 701 | 0 | @a王吉会@AWang Ji Hui@4主编 |
| 801 | 0 | @aCN@bTANGWEI@c20110315 |
| 905 | @b0532651-55@dH323.1@e111@f5 | |
| 法语基本词汇/王吉会主编.-北京:北京语言大学出版社,2004(2005) |
| 12,443页;18cm |
| ISBN 7-5619-1310-9:CNY26.00 |
| 本书收录的4400多条词目涵盖了法语等级考试四级的全部词汇,每条词目下面都包含有音标、词性、中文释义、搭配用法以及常用例句。 |
| ● |
| 相关链接 |
|
|
|
|
正题名:法语基本词汇
索取号:H323.1/111
 
预约/预借
| 序号 | 登录号 | 条形码 | 馆藏地/架位号 | 状态 | 备注 |
| 1 | 0532651 | 205326510 | 第二样本阅览室/ [索取号:H323.1/111] | 在馆 | |
| 2 | 0532652 | 205326529 | 第四借阅区/ [索取号:H323.1/111] | 在馆 | |
| 3 | 0532653 | 205326538 | 第四借阅区/ [索取号:H323.1/111] | 在馆 | |
| 4 | 0532654 | 205326547 | 第四借阅区/ [索取号:H323.1/111] | 在馆 | |
| 5 | 0532655 | 205326556 | 密集书库—外国语学院/ [索取号:H323.1/111] | 在馆 |